| 000 | 00684nam a2200229Ia 4500 | ||
|---|---|---|---|
| 001 | 9239 | ||
| 003 | GE_BSU | ||
| 008 | 181216s||||||||xx |||||||||||||| ||und|| | ||
| 040 | _cGE_BSU | ||
| 080 | _a821.353.1-31 | ||
| 100 | _aლორია,პარმენ | ||
| 245 | _aჩემი პატარა ოჯახი | ||
| 245 | _bრომანი | ||
| 245 | _cრედ:აკ.შონია;თ.დიასამიძე | ||
| 260 | _aბათუმი. | ||
| 260 | _bსაბჭ.აჭარა. | ||
| 260 | _c1984 | ||
| 300 | _a230გვ;21სმ. | ||
| 653 | _aრომანი | ||
| 653 | _aჩემი პატარა ოჯახი | ||
| 942 | _cBK | ||
| 999 |
_c42541 _d42541 |
||